Taylor Swift - Devine la chanson sans indices #5 - Statistiques

Statistiques générales
  • Ce quiz a été pris 929 fois
  • Le résultat moyen est 165 sur 291
Statistiques - réponses
Réponse % Correct
I
99%
(I
99%
a
98%
you
98%
You
98%
the
90%
The
90%
me
84%
me,
84%
me)
84%
me?
84%
to
77%
do?
76%
your
76%
Who
72%
who
72%
And
71%
and
71%
on
71%
what
70%
is
68%
my
68%
in
66%
for
65%
I'm
65%
of
65%
they
65%
They
65%
but
64%
But
64%
Can
63%
that,
63%
could
62%
go
61%
so
61%
don't
60%
all
58%
All
58%
been
58%
see
58%
ever
57%
men
56%
say
55%
want
55%
it's
54%
like
54%
if
53%
archer
52%
I've
52%
stay?
51%
stay
51%
Then
51%
'Cause
50%
leave
49%
right,
47%
right
47%
said
46%
darling?
45%
never
44%
prey
44%
through
44%
off
42%
friends
40%
out
40%
ready
40%
Combat,
39%
combat
39%
come,
39%
just
39%
hold
38%
got
36%
night,
35%
up,
35%
from
34%
here?
33%
movies
33%
again
32%
alone
32%
onto
32%
together
32%
Couldn't
31%
cruelty
31%
Help
31%
king's
31%
old
31%
Easy
30%
easy
30%
enemies
30%
started
30%
almost
29%
die
29%
hundred
29%
hate
28%
horses,
28%
wins
27%
Dark
26%
dark
26%
getting
26%
put
26%
fire,
25%
jump
25%
room
25%
face
24%
heroes
24%
Screaming,
23%
side,
23%
side
23%
years
23%
cut
22%
ghost
22%
search
22%
speeches
22%
grew
21%
invisible
21%
reflection
21%
train,
21%
alright,
20%
ride
20%
nose
19%
wake
19%
smoke
18%
pace
17%
thrown
17%
spite
15%
Aucun quiz correspondant
Distribution des résultats
% des personnes avec chaque résultat
Percentile par nombre de réponses
Votre historique - résultats
Vous n’avez pas pris ce quiz